[Event "Erice op 1st"]
[Site "Erice"]
[Date "2010.07.31"]
[Round "4"]
[White "Ferrante, Filippo"]
[Black "Nocera, Alice"]
[Result "1-0"]
[WhiteElo "1619"]
[BlackElo "1389"]
[PlyCount "79"]
[EventDate "2010.07.28"]
[EventType "swiss"]
[EventRounds "7"]
[EventCountry "ITA"]
[SourceTitle "EXT 2024"]
[Source "ChessBase"]
[SourceDate "2023.10.10"]
[SourceVersion "1"]
[SourceVersionDate "2023.10.10"]
[SourceQuality "1"]

1. Nf3 Nf6 2. g3 g6 3. Bg2 Bg7 4. 0-0 d5 5. d3 Bg4 6. Nbd2 Nbd7 7. b3 c5 8. Rb1 a6 9. Bb2 0-0 10. Ne5 d4 11. Nxg4 Nxg4 12. Bxb7 Ra7 13. Bg2 e5 14. Ba3 a5 15. Bc6 Rc7 16. Bxd7 Qxd7 17. Nc4 Qd5 18. Nxa5 Ra8 19. Nc4 Rb7 20. e4 dxe3 21. Qxg4 exf2+ 22. Rxf2 f5 23. Qe2 e4 24. Ne3 Qe6 25. Bb2 Bxb2 26. Rxb2 Qe5 27. c4 Rd7 28. Nd5 Rb8 29. dxe4 Rf7 30. exf5 Rxf5 31. Rxf5 gxf5 32. Qxe5 Rf8 33. Rf2 h6 34. Ne7+ Kh7 35. Rxf5 Rxf5 36. Qxf5+ Kg7 37. Qg6+ Kf8 38. Nf5 h5 39. Qg7+ Ke8 40. Qe7# 1-0

[Event "Erice op 1st"]
[Site "Erice"]
[Date "2010.07.31"]
[Round "5"]
[White "Nocera, Alice"]
[Black "Mancuso, Fabrizio"]
[Result "0-1"]
[WhiteElo "1389"]
[BlackElo "1335"]
[PlyCount "62"]
[EventDate "2010.07.28"]
[EventType "swiss"]
[EventRounds "7"]
[EventCountry "ITA"]
[SourceTitle "EXT 2024"]
[Source "ChessBase"]
[SourceDate "2023.10.10"]
[SourceVersion "1"]
[SourceVersionDate "2023.10.10"]
[SourceQuality "1"]

1. Nc3 Nf6 2. b3 d5 3. d4 Nc6 4. e3 e6 5. Bb2 Bb4 6. Bb5 Bd7 7. Nge2 0-0 8. Qd3 a6 9. Bxc6 Bxc6 10. 0-0-0 Bxc3 11. Nxc3 Qd6 12. a3 Bb5 13. Qd2 Bc6 14. f4 b5 15. b4 a5 16. Na2 axb4 17. Nxb4 Ra4 18. c3 Ne4 19. Qe1 Bb7 20. Qh4 c5 21. Nd3 cxd4 22. exd4 Qc6 23. Kc2 Rxa3 24. Nc5 Ra2 25. Nxe4 dxe4 26. Ra1 Qxc3+ 27. Kxc3 Rc8+ 28. Kb3 Bd5+ 29. Kb4 Rxb2+ 30. Ka3 Rb3+ 31. Ka2 Ra8# 0-1

[Event "Erice op 1st"]
[Site "Erice"]
[Date "2010.07.30"]
[Round "3"]
[White "Nocera, Alice"]
[Black "Ardizzone, Luigi"]
[Result "1-0"]
[WhiteElo "1389"]
[BlackElo "1562"]
[PlyCount "95"]
[EventDate "2010.07.28"]
[EventType "swiss"]
[EventRounds "7"]
[EventCountry "ITA"]
[SourceTitle "EXT 2024"]
[Source "ChessBase"]
[SourceDate "2023.10.10"]
[SourceVersion "1"]
[SourceVersionDate "2023.10.10"]
[SourceQuality "1"]

1. d4 f5 2. Nf3 Nf6 3. c3 d5 4. Bg5 e6 5. e3 Be7 6. Nbd2 0-0 7. Bd3 Bd7 8. 0-0 Be8 9. Ne5 Nbd7 10. f4 Bh5 11. Qe1 h6 12. Bxf6 Rxf6 13. Qh4 g6 14. Ndf3 Rf8 15. Qg3 Kh7 16. Be2 Nxe5 17. dxe5 Bxf3 18. Qxf3 Rg8 19. Qh3 g5 20. e4 g4 21. Qh5 Qe8 22. Qxe8 Raxe8 23. exd5 exd5 24. Bd3 Ref8 25. Rad1 c6 26. b4 g3 27. h3 h5 28. Rfe1 h4 29. a4 c5 30. Bb5 a6 31. Bd7 cxb4 32. Be6 Bc5+ 33. Kf1 Rg6 34. Bxd5 bxc3 35. Bxb7 c2 36. Rd7+ Kh6 37. Rc7 Bb4 38. Rc1 Rd8 39. R7xc2 a5 40. Rc6 Rd2 41. Rxg6+ Kxg6 42. Rc6+ Kf7 43. Rf6+ Ke7 44. Rxf5 Rf2+ 45. Kg1 Rc2 46. Kf1 Rf2+ 47. Kg1 Bc5 48. Ba6 1-0